Il fuoco dal profondo /

সংরক্ষণ করুন:
গ্রন্থ-পঞ্জীর বিবরন
প্রধান লেখক: Castaneda, Carlos (লেখক)
বিন্যাস: গ্রন্থ
ভাষা:ইতালিয়
প্রকাশিত: Milano : Rizzoli, 2001
সংস্করন:8. ed
ট্যাগগুলো: ট্যাগ যুক্ত করুন
কোনো ট্যাগ নেই, প্রথমজন হিসাবে ট্যাগ করুন!

MARC

LEADER 00000nam a22000007i 4500
001 IT\ICCU\VIA\0352755
003 ItRI
005 20250306161246.0
008 180627s2001 it |||||| ||||| |||||c
020 |a 8817127507 
040 |b ita  |c Arcigay Rimini 
041 7 |a ita  |2 ISO-639-2 
100 1 |a Castaneda, Carlos  |0 IT\ICCU\CFIV\018493  |4 aut 
245 1 3 |a Il fuoco dal profondo /  |c Carlos Castaneda ; traduzione di Francesca Bandel Dragone. 
250 |a 8. ed 
260 |a Milano :  |b Rizzoli,  |c 2001 
300 |a 315 p. ;  |c 20 cm 
500 |a Tit. orig.: The fire from within 
942 |2 ddc  |c BK 
952 |0 0  |1 0  |2 ddc  |4 0  |6 299_700000000000000_CAS_ILF  |7 1  |9 3618  |a RN  |b RN  |d 2025-03-06  |l 0  |o 299.7 CAS ILF  |p 10877  |r 2025-03-06 16:14:06  |w 2025-03-06  |y BK  |z Donazione di Giovanni Rimondini 
981 1 |6 z01  |a i   |b xxxe  
982 1 |6 z01  |a n 
999 |c 2811  |d 2811